[Event "11th A.Margaryan Memorial 2021"]
[Site "Yerevan"]
[Date "2021.01.10"]
[Round "2.5"]
[White "Lobanov, Sergei"]
[Black "Makaryan, Rudik"]
[Result "1/2-1/2"]
[WhiteElo "2510"]
[BlackElo "2461"]
[Annotator "TA"]
[PlyCount "29"]
[EventDate "2021.01.09"]
[EventType "tourn"]
[EventCountry "ARM"]
[SourceTitle "playchess.com"]
[Source "ChessBase"]
[SourceQuality "1"]

{[%evp 10,16,28,23,38,33,29,32,53]} 1. e4 e5 2. Nf3 Nc6 3. Bc4 Nf6 4. d3 Bc5 5. c3 h6 6. b4 Be7 {C54: Giuoco Piano: 4 c3 Nf6, main lines with 5 d4 and 5 d3.} 7. Qb3 O-O 8. a4 d6 {[#] Not enough moves} {Predecessor:} 9. h3 $146 Nb8 10. Qa2 c6 11. Bb3 a5 12. O-O Nbd7 13. Ba3 Nh5 14. d4 Nf4 15. Rd1 {1-0 (36) Baciu,D (2263)-Zahn,A (2112) Germany 2016} 1/2-1/2

[Event "11th A.Margaryan Memorial 2021"]
[Site "Yerevan"]
[Date "2021.01.11"]
[Round "3.1"]
[White "Makaryan, Rudik"]
[Black "Barseghyan, Armen Ar."]
[Result "1-0"]
[WhiteElo "2461"]
[BlackElo "2362"]
[Annotator "TA"]
[PlyCount "125"]
[EventDate "2021.01.09"]
[EventType "tourn"]
[EventCountry "ARM"]
[SourceTitle "playchess.com"]
[Source "ChessBase"]
[SourceQuality "1"]

{[%evp 18,125,44,47,56,56,71,59,81,59,89,85,88,93,101,92,121,81,80,87,80,75,94,97,92,112,101,28,35,28,31,41,37,37,30,32,32,29,45,41,42,54,81,74,68,70,74,64,84,66,101,103,136,129,160,152,425,421,450,441,475,445,1890,1615,1985,1951,1980,2002,1887,1841,1674,1561,29965,29966,29965,29967,29967,29968,29968,29969,29969,29969,29971,29971,29971,29972,29973,29974,29974,29975,29975,29976,29976,29977,29977,29978,29978,29979,29979,29978,29977,29979,29979,29980,29980,29981,29981,29982,29982,29983]} 1. d4 Nf6 2. c4 e6 3. Nf3 c5 4. d5 exd5 5. cxd5 d6 6. Nc3 g6 7. h3 Bg7 8. e4 O-O 9. Bd3 Re8 10. O-O Nbd7 {is recently more successful than 10...c4. A70: Modern Benoni: 6 e4 g6 7 Nf3.} 11. a4 c4 12. Bc2 {[#]} ({Much worse is} 12. Bxc4 Nxe4 13. Nxe4 Rxe4 $11) 12... Nc5 $146 {[%cal Rf6e4] [#]White is slightly better.} ({Predecessor:} 12... b6 13. Bf4 Nc5 14. Re1 Bb7 15. Nd4 a6 16. f3 Nxd5 17. Nxd5 Bxd5 18. Ne2 Be6 {0-1 (79) Prieb,R (1470)-Creanga,R (1809) Prague 2016}) 13. Re1 Nfd7 14. Bf4 Ne5 15. Nxe5 Bxe5 16. Bxe5 Rxe5 17. Qd4 Qh4 18. Re3 Rg5 {White should prevent ...Bxh3.} 19. Kf1 {aiming for Qf6.} Qf4 {Hoping for ...Qh2.} 20. Rf3 Qe5 21. Qxe5 Rxe5 22. Rf6 (22. Nb5 $16) 22... Kf8 $1 $11 23. f4 Rxe4 24. Nxe4 Nxe4 25. Bxe4 Ke7 {[#]} 26. Rxf7+ $1 Kxf7 {[%mdl 4096] Endgame KRB-KRB} 27. Rc1 b6 28. Kf2 Ba6 29. Ke3 Rc8 30. Kd4 Rc5 31. Rc3 Ra5 32. Ra3 Rc5 33. g4 Rc8 34. h4 Re8 35. g5 Kg7 36. h5 gxh5 $2 {Loses the game.} (36... Rf8 $16) 37. Rh3 $18 h6 {intending ...hxg5.} 38. Rxh5 Rh8 39. f5 Bc8 (39... c3 $142 40. bxc3 Bc8) 40. f6+ Kf7 41. Rxh6 Rxh6 42. gxh6 {Threatening mate with h7.} Kxf6 43. Kxc4 {KB-KB} Bd7 44. a5 bxa5 45. Kd4 {White mates.} Bb5 46. Ke3 Bd7 47. Kf4 Bb5 48. h7 Kg7 49. Kg5 Ba4 50. h8=Q+ Kxh8 51. Kf6 Kg8 52. Ke7 Kg7 53. Bg2 Bd1 54. Kxd6 Kf6 55. Kc7 Ke5 56. d6 Bg4 57. Bc6 Kd4 58. Bd7 Be2 59. Ba4 Bg4 60. b3 Kc5 61. d7 Bxd7 62. Bxd7 Kb4 {[#]} 63. Ba4 $1 {Weighted Error Value: White=0.04/Black=0.24} 1-0

[Event "11th A.Margaryan Memorial 2021"]
[Site "Yerevan"]
[Date "2021.01.11"]
[Round "3.2"]
[White "Lazavik, Denis"]
[Black "Lobanov, Sergei"]
[Result "1/2-1/2"]
[WhiteElo "2436"]
[BlackElo "2510"]
[Annotator "TA"]
[PlyCount "81"]
[EventDate "2021.01.09"]
[EventType "tourn"]
[EventCountry "ARM"]
[SourceTitle "playchess.com"]
[Source "ChessBase"]
[SourceQuality "1"]

{[%evp 19,81,8,14,15,7,22,6,2,55,49,35,53,41,55,64,0,25,26,31,18,21,23,25,25,35,10,18,12,16,18,48,2,2,2,2,2,2,2,2,2,2,2,8,7,8,2,2,2,8,8,16,16,16,16,16,16,16,16,16,0,0,0,0,0]} 1. d4 Nf6 2. c4 e6 3. Nf3 d5 4. Nc3 Be7 5. Bg5 O-O 6. e3 h6 7. Bxf6 Bxf6 8. Rc1 c6 9. Bd3 Nd7 10. O-O a6 11. Qc2 {D55: Queen's Gambit Declined: 4 Bg5 Be7: Lines without ...h6 and 6...h6 7 Bxf6.} dxc4 12. Bxc4 c5 {[#]} 13. Rfd1 $146 {Black should prevent dxc5.} ({Predecessor:} 13. dxc5 Nxc5 14. Rfd1 Qe7 15. Be2 b5 16. a3 Nd7 17. Ne4 Bb7 18. Nxf6+ Nxf6 19. Qc7 Qxc7 {½-½ (19) Kogan,B (2289)-Sodomski,A (2250) ICCF email 2015}) 13... cxd4 (13... b5 $11 14. Bd3 cxd4 15. exd4 Bb7) 14. Nxd4 $14 Qe7 15. Ne4 Be5 16. a3 Nf6 17. Ba2 (17. Nf3 $14 Bxb2 18. Qxb2 Nxe4 19. Be2) 17... Bxd4 18. Rxd4 e5 $1 {[%cal Re5d4]} 19. Rc4 Bd7 $1 20. Rc7 Rac8 21. Bb1 {[#] White threatens Nxf6+ and mate.} g6 {aiming for ...Rxc7.} 22. Qd1 {And now Nxf6+ would win.} Nxe4 23. Bxe4 Rxc7 24. Rxc7 Rc8 $1 {[%cal Rc8c7]} 25. Qc2 ({Not} 25. Rxd7 $2 {[#]} Qxd7 $3 {[%mdl 512]} 26. Qe1 f5 $19) (25. Rxb7 {seems wilder.} Qd6 26. Qe1 Be6 27. h3 Rc4 28. Rb4) 25... Qd8 {The position is equal.} 26. Rxc8 Qxc8 27. Qxc8+ Bxc8 $11 {[%mdl 4096] Endgame KB-KB} 28. f4 exf4 29. exf4 Kf8 30. Kf2 Ke7 31. Ke3 Kd6 32. b4 b6 33. Kd4 Bd7 34. h4 Be8 35. g4 f6 36. g5 fxg5 37. fxg5 hxg5 38. hxg5 a5 39. bxa5 bxa5 40. Bd5 Bd7 41. Ke4 {Weighted Error Value: White=0.09/Black=0.05} 1/2-1/2

[Event "11th A.Margaryan Memorial 2021"]
[Site "Yerevan"]
[Date "2021.01.11"]
[Round "3.3"]
[White "Babujian, Levon"]
[Black "Gharibyan, Mamikon"]
[Result "1-0"]
[WhiteElo "2440"]
[BlackElo "2432"]
[Annotator "TA"]
[PlyCount "67"]
[EventDate "2021.01.09"]
[EventType "tourn"]
[EventCountry "ARM"]
[SourceTitle "playchess.com"]
[Source "ChessBase"]
[SourceQuality "1"]

{[%evp 9,67,0,0,0,6,-2,-1,-1,0,0,0,-6,12,0,19,0,5,0,0,0,8,10,9,11,9,0,0,0,0,0,0,0,0,0,1,24,26,20,40,0,201,179,190,193,190,191,184,170,528,516,1321,1277,4902,347,308,336,29993,29993,29994,29995]} 1. e4 e5 2. Nc3 Nf6 3. Bc4 Nc6 4. d3 Na5 5. Nge2 Bc5 6. O-O {C28: Vienna Game: 2...Nf6 3 Bc4 Nc6.} d6 7. Ng3 Nxc4 8. dxc4 {The position is equal.} Be6 9. Qd3 Nd7 10. b3 g6 11. Be3 O-O {[#]} 12. Rad1 $146 ({Predecessor:} 12. Bxc5 Nxc5 13. Qe3 f5 14. exf5 gxf5 15. f4 e4 16. Rad1 Nd7 17. Nb5 Nf6 18. Nd4 {0-1 (66) Valles Moreno,I (2417)-Grigoryan,K (2600) Madrid 2015}) 12... a6 13. Bh6 Re8 14. Nf5 Bxf5 15. exf5 Qh4 16. Be3 e4 17. Qd2 Bb4 $1 18. fxg6 hxg6 19. a3 Bxc3 (19... Bxa3 $6 20. Nd5 $16) 20. Qxc3 Ne5 21. h3 Nf3+ 22. Kh1 Re5 23. Rd5 Rae8 24. Rfd1 g5 $2 {[#]} 25. c5 $1 $18 {[%cal Rc5d6]} (25. gxf3 $2 {leads to mate.} Qxh3+ 26. Kg1 exf3 27. Rxe5 Qg2#) 25... g4 {With the idea ...Qh5.} 26. cxd6 cxd6 27. Rxd6 {Rh6 is the strong threat.} (27. gxf3 $2 {is a self mate.} Qxh3+ 28. Kg1 gxf3 29. Rxe5 Qg2#) 27... Ng5 {White must now prevent ...Nxh3!} 28. Bf4 Nxh3 $2 (28... R5e6 {is a better chance.}) 29. gxh3 (29. Bxe5 $2 {loses.} Nf4+ 30. Kg1 Ne2+ 31. Kf1 Nxc3 $19) 29... e3 (29... Rh5 $142) 30. Bxe5 Qxf2 31. Rg6+ $2 fxg6 32. Qc4+ {[%mdl 64] [#] Double Attack} Kh7 $2 (32... Qf7 $18 33. Qxf7+ Kxf7) 33. Qc7+ {[%mdl 64] Double Attack} Kh6 34. Bf4+ {Weighted Error Value: White=0.33/Black=0.47} 1-0

[Event "11th A.Margaryan Memorial 2021"]
[Site "Yerevan"]
[Date "2021.01.11"]
[Round "3.4"]
[White "Sargsyan, Anna M."]
[Black "Mikaelyan, Arman"]
[Result "1-0"]
[WhiteElo "2402"]
[BlackElo "2485"]
[Annotator "TA"]
[PlyCount "111"]
[EventDate "2021.01.09"]
[EventType "tourn"]
[EventCountry "ARM"]
[SourceTitle "playchess.com"]
[Source "ChessBase"]
[SourceQuality "1"]

{[%evp 10,111,23,10,22,12,18,14,44,21,47,48,40,25,85,54,46,28,25,39,20,12,22,-54,14,-22,2,-77,-85,-170,-158,-154,-164,-72,-16,-47,-41,-45,-45,-49,-24,-35,9,7,30,24,46,50,104,47,110,100,87,121,152,144,154,129,121,132,123,0,0,0,0,-66,-49,-110,0,0,0,0,145,150,170,0,0,0,548,534,1471,1366,1370,1314,29970,12827,2684,1357,29980,29980,29985,29986,29986,29987,29990,29991,29991,5273,29961,6172,6115,5197,5373,5315]} 1. d4 {RR} g6 2. g3 Bg7 3. Bg2 c5 4. c3 Qa5 5. d5 d6 6. e4 Nf6 {A40: Unusual replies to 1 d4.} 7. Ne2 O-O 8. O-O {[#]} Qa6 $146 {The position is equal.} ({Predecessor:} 8... Nbd7 9. h3 b5 10. Be3 Bb7 11. Nd2 e6 12. dxe6 fxe6 13. e5 Nd5 14. exd6 Nxe3 15. fxe3 Bxg2 16. Kxg2 {0-1 (33) Luch,M (2385)-Krasenkow,M (2622) Katowice 2010 EXT 2016 [RR]}) 9. h3 e6 10. dxe6 Bxe6 11. Nf4 Bc8 (11... Bd7 $11) 12. Re1 Nbd7 13. g4 Ne5 14. g5 Ne8 15. Bf1 c4 16. b3 (16. Nd5 $11) 16... Nc7 (16... f6 $15 17. gxf6 Nxf6) 17. a4 f6 18. Na3 (18. gxf6 $11 Rxf6 19. Na3) 18... fxg5 $17 19. Nxc4 (19. Nd5 $17 Nxd5 20. Qxd5+ Kh8 21. Re3) 19... gxf4 $19 20. Nxe5 Qa5 {[%cal Ra5e5]} (20... b5 21. Nd3 $11) 21. Nf3 Be6 (21... Qh5 $17 22. e5 dxe5) 22. Bb2 Qh5 (22... Bxc3 $2 23. Bxc3 Qxc3 24. Rc1 $18) 23. Nd4 Qg5+ 24. Kh1 Bf7 25. Qg4 Qf6 26. c4 h5 27. Qf3 Rae8 28. Rad1 g5 (28... Qg5 $14) 29. Bc3 (29. Ba3 $1 $16) 29... Qg6 (29... g4 $14 30. hxg4 Ne6) 30. Nf5 $16 {[%mdl 64] Discovered Attack} g4 31. Qd3 Bxc3 32. Qxc3 d5 33. cxd5 Nxd5 34. Qc5 (34. exd5 $6 Rxe1 35. Qxe1 Qxf5 $11) 34... b6 35. Qd4 (35. Qc1 $16) 35... Ne7 $1 $11 36. Nd6 Rd8 37. e5 (37. Bc4 $11) 37... Bd5+ $15 (37... Bxb3 $6 38. Bc4+ Bxc4 39. Qxc4+ Kh7 40. Qc7 $14) 38. Kg1 Be6 ({Better is} 38... Qg7 $17 39. Rd2 Kh8) 39. Bd3 $36 {[%mdl 2048] White has good play.} Qg7 40. h4 Ng6 (40... g3 $11 {remains equal.} 41. Bc4 gxf2+ 42. Kxf2 Qg3+ 43. Ke2 Qg2+ 44. Kd3 Bxc4+ 45. Qxc4+ Kh8) 41. Bc4 $16 Qd7 42. Nf5 Qc8 $1 $11 43. Nd6 Nxh4 $2 {[%mdl 8192] [#]} (43... Qd7 $11 {and Black has nothing to worry.}) 44. Qe4 $1 $18 Rxd6 45. exd6 ({Less strong is} 45. Rxd6 Bxc4 46. bxc4 (46. Qxc4+ $2 Qxc4 47. bxc4 Nf3+ {[%mdl 64] Double Attack} 48. Kf1 Nxe1 $19) 46... Qf5 $18) 45... Bxc4 46. d7 {[%mdl 64] Zwischenzug} ({Worse is} 46. Qxc4+ Qxc4 47. bxc4 Nf3+ 48. Kg2 Nxe1+ 49. Rxe1 Rd8 $15) 46... Qd8 47. Qxc4+ Kg7 48. Qd4+ Kh7 49. Qe4+ Kh8 50. Qe5+ Kg8 51. Qe6+ Kh8 52. Qh6+ Kg8 53. Re8 (53. Re6 $142 b5 54. Qxh5 {[%mdl 64] Double Attack} Nf5 55. Re8 Ng7 56. Rxd8 Rxd8 57. Qg6 g3 58. Rd6) 53... Rxe8 {[#]} 54. dxe8=Q+ (54. Qg5+ $142 $3 {[%mdl 512]} Kf7 55. dxe8=B+ Qxe8 56. Qxh4 Kg6 57. Rd6+ (57. Rd5 Qe1+ 58. Kh2 g3+ 59. fxg3 Qe2+ 60. Kg1 Qe1+ 61. Kh2 Qe2+ 62. Kg1 Qe1+ 63. Kh2 $11) 57... Kh7 58. Kf1 Qe5 59. Qd8 Qa1+ 60. Rd1 Qxd1+ 61. Qxd1) 54... Qxe8 55. Qg5+ {[%mdl 64] Double Attack} Ng6 56. Rd8 {What a fight!  Weighted Error Value: White=0.20/Black=0.64} 1-0

[Event "11th A.Margaryan Memorial 2021"]
[Site "Yerevan"]
[Date "2021.01.11"]
[Round "3.5"]
[White "Hayrapetyan, Hovik"]
[Black "Daneshvar, Bardiya"]
[Result "1-0"]
[WhiteElo "2488"]
[BlackElo "2399"]
[Annotator "TA"]
[PlyCount "73"]
[EventDate "2021.01.09"]
[EventType "tourn"]
[EventCountry "ARM"]
[SourceTitle "playchess.com"]
[Source "ChessBase"]
[SourceQuality "1"]

{[%evp 15,73,13,24,21,12,14,11,0,16,10,26,11,6,18,41,34,29,42,50,35,48,-53,268,294,309,310,463,468,433,415,419,422,554,563,556,552,577,550,556,542,623,368,395,307,696,524,525,515,573,477,488,518,491,477,480,479,476,445,441,426]} 1. Nf3 d5 2. d4 Nf6 3. c4 c6 4. e3 Bg4 5. Nc3 e6 6. h3 Bxf3 7. Qxf3 Bb4 8. Bd3 Nbd7 9. O-O {D11: Slav Defence: 3 Nf3 sidelines and 3...Nf6 4 e3 Bg4.} O-O 10. Qd1 Qe7 11. a3 {[#] The position is equal.} Bd6 $146 ({Predecessor:} 11... dxc4 12. Bxc4 Bd6 13. e4 e5 14. d5 Nb6 15. Ba2 cxd5 16. exd5 e4 17. Re1 Qe5 {1-0 (66) Dautov,R (2582)-Mainka,R (2492) Germany 2007}) 12. c5 Bc7 13. f4 b6 14. b4 bxc5 15. bxc5 {aiming for Qa4.} e5 $1 16. fxe5 Nxe5 17. dxe5 Qxe5 {[#]} 18. Rf2 d4 $2 {[%mdl 8192] Black cannot hold the game after this.} ({Reject} 18... Qxc3 $6 19. Bb2 $14) (18... Rae8 $1 $15 {keeps the upper hand.} 19. Kf1 Ba5) 19. exd4 $18 Qh2+ 20. Kf1 Bg3 {[#]} (20... Rfe8 $142 21. Rxf6 Qh1+ 22. Kf2 Re1) 21. Rxf6 $1 Qh1+ 22. Ke2 Qxg2+ 23. Ke3 Rfe8+ 24. Be4 {[%mdl 64] Double Attack} gxf6 25. Qg4+ Kf8 26. Kd3 Qf1+ 27. Qe2 Qxh3 28. Qg2 Qh4 29. Qh1 Bh2 $2 (29... Qxh1 30. Bxh1 Re6 31. Bh6+ Ke7) 30. Qf3 {White is clearly winning.} Rad8 31. Be3 f5 32. Bxc6 Be5 {[%cal Rd8d4]} 33. Rh1 Rxd4+ 34. Kc2 Qg4 35. Bxd4 Qxf3 36. Bxf3 Bxd4 37. c6 {Weighted Error Value: White=0.31/Black=0.66} 1-0

[Event "11th A.Margaryan Memorial 2021"]
[Site "Yerevan"]
[Date "2021.01.12"]
[Round "4.1"]
[White "Barseghyan, Armen Ar."]
[Black "Daneshvar, Bardiya"]
[Result "1/2-1/2"]
[WhiteElo "2362"]
[BlackElo "2399"]
[Annotator "TA"]
[PlyCount "143"]
[EventDate "2021.01.09"]
[EventType "tourn"]
[EventCountry "ARM"]
[SourceTitle "playchess.com"]
[Source "ChessBase"]
[SourceQuality "1"]

{[%evp 11,143,-6,14,25,26,31,31,23,24,18,7,0,14,10,16,9,9,8,13,15,63,73,72,50,32,41,44,17,26,0,8,9,11,0,0,0,0,-5,-2,-2,-4,-18,-18,-18,-18,-16,-18,-19,-18,-20,-8,-11,-14,-11,-14,-56,-56,-56,-56,-57,-57,-306,-289,-350,-328,-249,-122,-92,-14,-14,-14,-14,-14,-14,-13,-13,-13,-13,-13,-13,-13,-13,-13,-13,-13,-13,0,-13,0,-13,0,0,0,-13,0,0,0,-13,-13,-13,0,-13,-13,-13,-13,-13,-13,-13,-13,-13,0,-13,0,-13,0,0,0,0,-28000,-28000,-28000,-28000,-28000,-28000,-28000,-28000,-28000,-28000,-28000,-28000,-28000,-28000,-28000,-28000]} 1. e4 c6 2. d4 d5 3. exd5 cxd5 4. c4 Nf6 5. Nc3 Nc6 6. Bg5 Ne4 7. Nxe4 {B13: Caro-Kann: Exchange Variation and Panov-Botvinnik Attack.} dxe4 8. d5 Ne5 9. Qd4 {White is slightly better.} f6 10. Qxe4 Qb6 11. Bd2 {Threatens to win with b4.} Qxb2 {[#]} 12. Rd1 $146 ({Predecessor:} 12. Rb1 Qxa2 13. c5 g6 14. Bb5+ Kf7 15. Rc1 Bf5 16. Qd4 Rd8 17. f4 Rxd5 18. Bc4 Qxc4 19. Rxc4 Rxd4 20. Rxd4 {1-0 (65) Zwirs,N (2395)-O'Donnell,C (2342) chess.com INT 2017}) 12... g6 13. Nf3 Bf5 14. Qe3 Nxf3+ 15. Qxf3 Bg7 16. Be2 Bc2 17. Bc3 Qa3 18. Rd2 Be4 19. Qxe4 (19. Qe3 {keeps more tension.} O-O 20. O-O f5 21. Bd4 Qxe3 22. Bxe3 f4 23. Bc5) 19... Qxc3 20. Qc2 (20. d6 {feels hotter.} O-O 21. Qd5+ Kh8 22. O-O exd6 23. Rfd1) 20... Qxc2 21. Rxc2 b6 22. c5 bxc5 23. Rxc5 f5 24. O-O Be5 25. Ra5 Kf7 26. Bc4 Rhc8 27. Bb3 Bd6 28. Ra6 Rc3 29. g3 h5 30. Kg2 h4 31. Re1 Kg7 32. gxh4 Rh8 33. Rxa7 Rxh4 34. h3 Rcxh3 {[#] Strongly threatening ...Rh2+.} 35. Rexe7+ Bxe7 36. Rxe7+ $2 $15 {[%mdl 4096] Endgame KRR-KRB} (36. d6 $1 $15 Rh2+ 37. Kf3 R2h3+ 38. Kg2) 36... Kf6 $19 37. d6 Rd3 38. Rf7+ {[#]} Ke5 (38... Kg5 $1 $19 {has better winning chances.} 39. d7 Re4) 39. d7 $17 Rhd4 ({Black should try} 39... Rg4+ $17 40. Kf1 Rgd4) 40. Re7+ $11 Kf6 41. Rf7+ Kg5 42. Be6 Rd6 43. Re7 Kf6 44. Re8 Rxe6 45. d8=Q+ Rxd8 46. Rxd8 {KR-KR} Ra6 47. Rd2 Kg5 48. Kg3 Ra7 49. f3 Ra6 50. Rb2 Kf6 51. Re2 g5 52. Kf2 Ra3 53. Kg2 Kg6 54. Kf2 Kh5 55. Kg2 $1 Kh4 (55... Ra7 {with more complications.} 56. Rb2 Ra8 57. Kg3 Ra5 58. Kg2 Ra6) 56. Rb2 (56. f4 {is more complex.} gxf4 57. Re6 f3+ 58. Kf2 Kg4 59. Rg6+) 56... f4 57. Rc2 Rd3 58. Rb2 Rd1 59. Rc2 Kh5 60. Re2 Kg6 61. Kf2 Kf5 62. Kg2 Ra1 $2 {[%mdl 8192]} (62... Rd3 $11) 63. Kf2 g4 64. fxg4+ $1 Kxg4 65. Rb2 {Mate.} Rh1 {( -> ...Rh2+)} 66. Rb3 Rh2+ 67. Kf1 Rxa2 68. Rc3 Kf5 69. Rb3 Ke4 70. Rc3 Rh2 71. Ra3 f3 72. Ra8 {[%mdl 32768] Weighted Error Value: White=0.10/Black=0.09. An unexpected result.} 1/2-1/2

[Event "11th A.Margaryan Memorial 2021"]
[Site "Yerevan"]
[Date "2021.01.12"]
[Round "4.2"]
[White "Mikaelyan, Arman"]
[Black "Hayrapetyan, Hovik"]
[Result "1/2-1/2"]
[WhiteElo "2485"]
[BlackElo "2488"]
[Annotator "TA"]
[PlyCount "155"]
[EventDate "2021.01.09"]
[EventType "tourn"]
[EventCountry "ARM"]
[SourceTitle "playchess.com"]
[Source "ChessBase"]
[SourceQuality "1"]

{[%evp 17,155,0,16,8,17,6,8,12,14,10,22,20,36,38,39,42,37,31,46,14,14,21,29,14,14,20,35,42,102,70,104,40,41,43,35,60,59,33,166,168,176,177,937,935,889,880,916,909,844,14,10,10,10,11,19,6,4,6,8,4,50,39,39,40,49,47,49,42,129,131,164,164,163,161,161,137,152,28,63,24,25,20,20,20,20,12,20,8,8,8,8,8,20,20,20,20,20,20,26,20,26,24,27,26,27,26,27,24,26,24,24,24,24,24,24,24,24,24,24,24,24,24,24,24,24,24,24,24,22,22,22,22,22,22,22,22,22,0,0,0]} 1. d4 Nf6 2. c4 e6 3. Nc3 d5 4. Nf3 Be7 5. Bg5 O-O 6. e3 b6 7. Bd3 Bb7 8. O-O Nbd7 9. Qe2 Ne4 10. Bf4 {E12: Queen's Indian: Unusual White 4th moves, 4 a3, 4 Nc3 Bb7 5 a3 and 4 Nc3 Bb7 .} Bd6 {[#]} 11. cxd5 $146 ({Predecessor:} 11. Bxd6 Nxd6 12. cxd5 exd5 13. b4 c5 14. bxc5 bxc5 15. Rab1 cxd4 16. Nxd4 Nc5 17. Rfc1 Rc8 {1-0 (36) Ivanov,I (2505)-Granda Zuniga,J (2540) New York 1988}) 11... Nxc3 12. bxc3 Bxd5 13. Bg3 Bxg3 14. hxg3 Qe7 15. e4 Bb7 16. a4 a5 17. e5 Rfd8 18. Be4 Bxe4 19. Qxe4 Rac8 20. Rfd1 h6 21. c4 Nb8 22. g4 Na6 (22... Nd7 $14) 23. Rd2 Nb4 {[#]} 24. Rad1 ({White should try} 24. g5 $1 $16) 24... c5 25. g5 {Threatens to win with d5.} cxd4 26. gxh6 d3 27. hxg7 f5 (27... Kxg7 $14 28. Qg4+ Kf8) 28. exf6 $1 $18 Qxf6 29. Ne5 Qf5 $2 (29... Rc7 30. Ng4 (30. Nxd3 Rcd7 $14) 30... Qg5 31. Qxe6+ Kxg7) 30. Qh4 {[%csl Gg7][%cal Rh4h8]} Kxg7 31. Re1 Rh8 32. Qe7+ Kg8 33. g4 $2 ({White has to play} 33. Qd7 $18 Rf8 34. Re3 Rh1+ {[%mdl 64] Decoy} 35. Kxh1 Qh7+ 36. Qxh7+ Kxh7 37. Kg1) 33... Rh7 $1 $11 34. gxf5 Rxe7 35. f6 Rf7 36. Nxf7 Kxf7 {[%mdl 4096] Endgame KRR-KRN} 37. Re4 Kxf6 38. f3 Na6 39. Rxd3 Nc5 40. Rf4+ Ke5 41. Rdd4 Nxa4 42. Kf2 Nc3 {[#]} (42... Nb2 $14) 43. Rh4 $1 $16 b5 44. cxb5 Nxb5 45. Rde4+ Kd6 46. Rh6 Nc7 47. f4 (47. Ra4 $16) 47... Ra8 48. Rd4+ Kc5 49. Rd1 a4 50. Rc1+ Kd6 51. Ra1 a3 52. Rh3 a2 53. Rd3+ Nd5 54. Rd2 Rf8 55. Raxa2 {And now Kg3 would win.} Rxf4+ 56. Kg3 {Black must now prevent Rxd5+!} Re4 57. Rh2 Re3+ 58. Kg4 Rc3 59. Rh6 Nc7 60. Rh8 Rc5 61. Rf8 Ke7 62. Raf2 (62. Rc8 {is more complex.} Rc3 63. Rh8 Kd6 64. Rd8+ Ke7 65. Rdd2) 62... Rc4+ 63. Kg5 Rc5+ 64. Kg6 Rf5 65. R8xf5 exf5 66. Kxf5 $11 {KR-KN} Ne8 67. Re2+ Kd7 68. Ke5 Nc7 69. Rc2 Nb5 70. Rh2 Kc6 71. Rd2 Nc7 72. Rc2+ Kd7 73. Rc5 {The position is equal.} Ne8 74. Rb5 Kc6 75. Rb8 Nc7 76. Rc8 Kd7 77. Rxc7+ Kxc7 78. Ke4 {Weighted Error Value: White=0.30/Black=0.15} 1/2-1/2

[Event "11th A.Margaryan Memorial 2021"]
[Site "Yerevan"]
[Date "2021.01.12"]
[Round "4.3"]
[White "Gharibyan, Mamikon"]
[Black "Sargsyan, Anna M."]
[Result "1/2-1/2"]
[WhiteElo "2432"]
[BlackElo "2402"]
[Annotator "TA"]
[PlyCount "53"]
[EventDate "2021.01.09"]
[EventType "tourn"]
[EventCountry "ARM"]
[SourceTitle "playchess.com"]
[Source "ChessBase"]
[SourceQuality "1"]

{[%evp 17,53,28,24,0,2,0,52,31,40,43,43,33,28,45,193,187,200,179,278,102,324,312,758,358,387,384,606,366,459,0,0,0,0,0,0,0,0,0]} 1. Nf3 Nf6 2. c4 g6 3. b3 Bg7 4. Bb2 O-O 5. g3 b6 6. Bg2 Bb7 7. O-O c5 8. d4 cxd4 9. Qxd4 Nc6 10. Qe3 {A30: Symmetrical English: Double Fianchetto and Hedgehog.} d5 11. Rd1 {[#]} Ng4 $146 (11... Qc7 $11) ({Predecessor:} 11... Qc7 12. Na3 Rad8 13. cxd5 Nxd5 14. Qc1 Bxb2 15. Qxb2 Nf6 16. Rdc1 Qd7 17. Nc4 Nd4 18. Qxd4 Qxd4 19. Nxd4 Bxg2 {1-0 (76) Semjonovs,I (2401)-Van Dael,S (2207) Skopje 2019}) 12. Qc1 $14 {Bxg7 is the strong threat.White is slightly better.} d4 $1 13. e3 {[%cal Re3d4]} e5 {[#]} 14. Nc3 $1 {[%cal Bb1c3,Bc3d5,Bd5e3][%mdl 32]} Bh6 {White must now prevent ...Nxf2.} 15. Nd5 f5 (15... dxe3 $14 16. fxe3 (16. Nxe3 Qc7 $11) 16... Re8) 16. h3 $18 Nxf2 17. Kxf2 Qb8 (17... Rc8 $142 18. h4 Qxd5 {[%mdl 64] Remove Defender} 19. cxd5 Bxe3+ 20. Qxe3 dxe3+ 21. Kxe3 Nb4 22. Nxe5 Nc2+ 23. Kf4 Nxa1 24. Bxa1 Rc2) 18. Qc2 $2 (18. h4 $18 {has better winning chances.}) 18... dxe3+ $2 (18... Nb4 $16 19. Nxb4 Bxe3+ 20. Kf1 e4 21. Nxd4 (21. Bxd4 exf3 22. Bxe3 Qxg3 $11) 21... Qxg3) 19. Nxe3 f4 $2 (19... Rf7 20. Nd5 e4 21. Nf6+ (21. Qc3 Bg7 $14) 21... Rxf6) 20. gxf4 (20. Ng4 $142 Bg7 21. Rd7) 20... Bxf4 21. Nd5 Nd4 (21... Bh2 $142 22. Ke2 Bg3) 22. Qe4 {[#] Strongly threatening Rxd4.} Nf5 23. Kg1 $2 ({White should play} 23. Nxe5 $18 Bxe5 24. Qxe5 Qxe5 25. Bxe5) 23... Be3+ $11 {The position is equal.} 24. Kh2 Bf4+ 25. Kg1 Be3+ $1 26. Kh2 Bf4+ 27. Kg1 {Weighted Error Value: White=0.80/Black=0.59} 1/2-1/2